Mythologie grecque - Les enfants de Gaïa et d'Ouranos - Statistiques

Statistiques générales
  • Ce quiz a été pris 28 fois
  • Le résultat moyen est 10 sur 19
Statistiques - réponses
Classes des enfants Noms des enfants % Correct
Titans Cronos
85%
Titanides Rhéa
85%
Titans Hypérion
73%
Titanides Téthys
69%
Hécatonchires Briarée
65%
Titans Japet
65%
Titans Océanos
58%
Titanides Théia
58%
Cyclopes Brontès
54%
Titans Crios
54%
Titanides Thémis
54%
Cyclopes Arghès
50%
Hécatonchires Cottos
50%
Titanides Mnémosyne
46%
Titans Koios
42%
Titanides Phébé
42%
Cyclopes Stéropès
42%
Hécatonchires Gyès
27%
Titanides Dioné
23%
Aucun quiz correspondant
Distribution des résultats
% des personnes avec chaque résultat
Percentile par nombre de réponses
Votre historique - résultats
Vous n’avez pas pris ce quiz